Fracture mechanics / (Record no. 19303)
[ view plain ]
| 000 -LEADER | |
|---|---|
| fixed length control field | 00842cam a2200253 a 4500 |
| 001 - CONTROL NUMBER | |
| control field | 16988362 |
| 005 - DATE AND TIME OF LATEST TRANSACTION | |
| control field | 20201128021243.0 |
| 008 - FIXED-LENGTH DATA ELEMENTS--GENERAL INFORMATION | |
| fixed length control field | 111004t2012 maua frb 001 0 eng d |
| 020 ## - INTERNATIONAL STANDARD BOOK NUMBER | |
| International Standard Book Number | 9780123850010 |
| 040 ## - CATALOGING SOURCE | |
| Original cataloging agency | DLC |
| Language of cataloging | eng |
| Transcribing agency | DLC |
| Modifying agency | YDX |
| -- | YDXCP |
| -- | CDX |
| -- | DLC |
| -- | EG-ScBUE |
| 082 04 - DEWEY DECIMAL CLASSIFICATION NUMBER | |
| Classification number | 620.1126 |
| Item number | SUN |
| Edition number | 22 |
| 100 1# - MAIN ENTRY--PERSONAL NAME | |
| Personal name | Sun, C. T. |
| Fuller form of name | (Chin-Teh), |
| Dates associated with a name | 1939- |
| 9 (RLIN) | 6529 |
| 245 10 - TITLE STATEMENT | |
| Title | Fracture mechanics / |
| Statement of responsibility, etc | C. T. Sun, Z.-H. Jin. |
| 260 ## - PUBLICATION, DISTRIBUTION, ETC. (IMPRINT) | |
| Place of publication, distribution, etc | Waltham, United States ; |
| -- | Oxford : |
| Name of publisher, distributor, etc | Academic Press / Elsevier, |
| Date of publication, distribution, etc | c.2012. |
| 300 ## - PHYSICAL DESCRIPTION | |
| Extent | xvii, 311 p. : |
| Other physical details | ill. ; |
| Dimensions | 24 cm. |
| 500 ## - GENERAL NOTE | |
| General note | Index : p. 295-311. |
| 500 ## - GENERAL NOTE | |
| General note | Includes appendices. |
| 504 ## - BIBLIOGRAPHY, ETC. NOTE | |
| Bibliography, etc | Includes bibliographical references. |
| 650 #7 - SUBJECT ADDED ENTRY--TOPICAL TERM | |
| Topical term or geographic name as entry element | Fracture mechanics. |
| Source of heading or term | BUEsh |
| 9 (RLIN) | 2778 |
| 653 ## - INDEX TERM--UNCONTROLLED | |
| Resource For college | Engineering, General |
| Arrived date list | May2015 |
| 655 ## - INDEX TERM--GENRE/FORM | |
| Form subdivision | |
| -- | 34232 |
| 700 1# - ADDED ENTRY--PERSONAL NAME | |
| Personal name | Jin, Z.-H |
| 9 (RLIN) | 37939 |
| 942 ## - ADDED ENTRY ELEMENTS (KOHA) | |
| Source of classification or shelving scheme | Dewey Decimal Classification |
| Call number prefix | 620.1126 SUN |
| Withdrawn status | Item status | Source of classification or shelving scheme | Damaged status | Not for loan | Vendor | Home library | Current library | Shelving location | Date acquired | Source of acquisition | Cost, normal purchase price | Serial Enumeration / chronology | Total Checkouts | Full call number | Barcode | Date last seen | Cost, replacement price | Koha item type |
|---|---|---|---|---|---|---|---|---|---|---|---|---|---|---|---|---|---|---|
| Dewey Decimal Classification | Alahram | Central Library | Central Library | First floor | 06/05/2015 | 553.00 | 436 | 620.1126 SUN | 000038177 | 15/07/2025 | 691.25 | Book - Borrowing |